000 00341nam a22001337a 4500
005 20250920112220.0
008 250920b |||||||| |||| 00| 0 eng d
050 _aPR4034
_bS4 SEN
100 _aAUSTEN JANE
245 _aSENSE AND SENSIBILITY
260 _aLONDON
_bOXFORD UNIVERSITY PRESS
_cc1967
300 _axiv, 364p
942 _2lcc
_cBK
_n0
999 _c7619
_d7619